00497cam1a220018100 4500001001200000003000500012005001700017008004100034035001900075035002200094040000900116100006300125245004200188260001000230949005200240004000600292999001700298tmp15869130UPRA20190816084106.0951108s1991 xx eng u a(Sirsi) r36958 a(UPRA)tmp15869130 cUPRA1 aDe Klerk, Willem, 1928-dDe Klerk, Willem, 1928-6A99065.110aF.W. de Klerk :bthe man in his time. c1991. aDT8099wlcci-44105mMAINp5000tBOOKlON-SHELF36958 c79053d79053